[Event "Muensterland Verbandsklasse 1617"]
[Site "Germany"]
[Date "2017.05.20"]
[Round "9.1"]
[White "Korb, Andreas"]
[Black "Jensen, Soeren"]
[Result "1/2-1/2"]
[WhiteElo "1984"]
[BlackElo "1875"]
[PlyCount "60"]
[EventDate "2016.09.24"]
[EventType "team"]
[EventRounds "9"]
[EventCountry "GER"]
[SourceTitle "EXT 2018"]
[Source "ChessBase"]
[SourceDate "2017.10.13"]
[SourceVersion "1"]
[SourceVersionDate "2017.10.13"]
[SourceQuality "1"]
[WhiteTeam "Sendenhorst"]
[BlackTeam "Muenster SK V"]
[WhiteTeamCountry "GER"]
[BlackTeamCountry "GER"]

1. e4 e5 2. Bc4 Nf6 3. d3 Nc6 4. Nf3 d5 5. exd5 Nxd5 6. 0-0 Bg4 7. Re1 f6 8. c3 Nb6 9. Bb3 Qd7 10. Be3 0-0-0 11. a4 Qxd3 12. Qxd3 Rxd3 13. a5 Nd7 14. Bc4 Rd6 15. b4 e4 16. Nd4 Nde5 17. Nxc6 Nxc4 18. Nxa7+ Kb8 19. Nb5 Rd5 20. N1a3 Nxe3 21. Rxe3 Bd7 22. c4 Rd3 23. Rxd3 exd3 24. c5 b6 25. a6 bxc5 26. a7+ Ka8 27. Nxc7+ Kxa7 28. Nab5+ Kb7 29. Ra7+ Kc6 30. Ra6+ Kb7 1/2-1/2

[Event "Muensterland Regionalliga 1314"]
[Site "Germany"]
[Date "2014.03.15"]
[Round "7.5"]
[White "Korb, Andreas"]
[Black "Luetkehermoelle, Martin"]
[Result "1/2-1/2"]
[WhiteElo "2008"]
[BlackElo "1909"]
[PlyCount "64"]
[EventDate "2013.09.07"]
[EventType "team-tourn"]
[EventRounds "9"]
[EventCountry "GER"]
[SourceTitle "EXT 2015"]
[Source "ChessBase"]
[SourceDate "2014.11.20"]
[SourceVersion "1"]
[SourceVersionDate "2014.11.20"]
[SourceQuality "1"]
[WhiteTeam "Sendenhorst"]
[BlackTeam "Gronau"]
[WhiteTeamCountry "GER"]
[BlackTeamCountry "GER"]

1. e4 d5 2. Nc3 dxe4 3. Nxe4 Bf5 4. Qf3 Bg6 5. Nc5 c6 6. Nxb7 Qb6 7. Qb3 Nd7 8. d4 Qxd4 9. Be3 Qd5 10. Nf3 e6 11. Rd1 Qxb3 12. cxb3 Bb4+ 13. Bd2 a5 14. Bc3 Ngf6 15. Nd4 Nd5 16. Bxb4 axb4 17. Nxc6 0-0 18. Bc4 Rxa2 19. Bxd5 exd5 20. Ne7+ Kh8 21. Nxg6+ hxg6 22. 0-0 Rxb2 23. Rxd5 Nf6 24. Rd3 Ne4 25. Na5 Nc3 26. Re1 Rc8 27. Nc6 Ne2+ 28. Kf1 Rxc6 29. Rxe2 Rc1+ 30. Re1 Rxe1+ 31. Kxe1 f6 32. g4 g5 1/2-1/2

[Event "Muensterland Verbandsliga 1213"]
[Site "Germany"]
[Date "2013.04.13"]
[Round "8.3"]
[White "Korb, Andreas"]
[Black "Luetkehermoelle, Martin"]
[Result "1/2-1/2"]
[WhiteElo "2003"]
[BlackElo "1905"]
[PlyCount "116"]
[EventDate "2012.09.22"]
[EventType "team-tourn"]
[EventRounds "9"]
[EventCountry "GER"]
[SourceTitle "EXT 2015"]
[Source "ChessBase"]
[SourceDate "2014.11.20"]
[SourceVersion "1"]
[SourceVersionDate "2014.11.20"]
[SourceQuality "1"]
[WhiteTeam "Sendenhorst"]
[BlackTeam "Ochtrup"]
[WhiteTeamCountry "GER"]
[BlackTeamCountry "GER"]

1. e4 d5 2. Nc3 dxe4 3. Nxe4 Bf5 4. Qf3 Bg6 5. Ng3 c6 6. Qb3 Qb6 7. Bc4 Nd7 8. Nf3 Qxb3 9. Bxb3 e6 10. d4 Bd6 11. 0-0 Ngf6 12. Re1 0-0 13. Ne5 c5 14. Nxg6 hxg6 15. dxc5 Nxc5 16. Bc4 a6 17. Be2 Rab8 18. a4 Nd5 19. Bd1 b5 20. axb5 axb5 21. Ne4 Nxe4 22. Rxe4 Ra8 23. Rb1 b4 24. Be2 Rfc8 25. Rc4 Nb6 26. Rxc8+ Rxc8 27. Bd3 Nc4 28. Kf1 Be5 29. Ke2 Bf6 30. f4 e5 31. f5 e4 32. Bxe4 Nd6 33. Bd3 Nxf5 34. Ra1 Nd4+ 35. Kd1 Be5 36. h3 Ne6 37. Ra5 Nc5 38. Ke2 Bd6 39. Be3 Re8 40. Kd2 Nxd3 41. cxd3 Rb8 42. Rd5 Be7 43. Kc2 b3+ 44. Kc3 Bb4+ 45. Kc4 Ba3 46. Bd4 Be7 47. Rb5 Rd8 48. Rxb3 Rc8+ 49. Kd5 Rd8+ 50. Kc4 Rc8+ 51. Kb5 Rc2 52. g3 Bd6 53. g4 Rh2 54. Kc6 Bf4 55. Bc5 Rxh3 56. Bd6 Bc1 57. Rb8+ Kh7 58. d4 f5 1/2-1/2

[Event "Muensterland Verbandsliga 1011"]
[Site "Germany"]
[Date "2011.05.14"]
[Round "9.8"]
[White "Korb, Andreas"]
[Black "Joergensmann, Rolf"]
[Result "1-0"]
[WhiteElo "1987"]
[BlackElo "1718"]
[PlyCount "113"]
[EventDate "2010.09.25"]
[EventType "team-tourn"]
[EventRounds "9"]
[EventCountry "GER"]
[SourceTitle "EXT 2012"]
[Source "ChessBase"]
[SourceDate "2011.11.24"]
[SourceVersion "1"]
[SourceVersionDate "2011.11.24"]
[SourceQuality "1"]
[WhiteTeam "Sendenhorst"]
[BlackTeam "Nienberge"]
[WhiteTeamCountry "GER"]
[BlackTeamCountry "GER"]

1. e4 e6 2. d4 d5 3. exd5 exd5 4. Nf3 Nf6 5. c4 Be7 6. Nc3 dxc4 7. Bxc4 0-0 8. Bf4 c6 9. 0-0 Nbd7 10. Qd3 Nb6 11. Bb3 Bg4 12. Ne5 Bh5 13. f3 Nbd5 14. Bg5 Bg6 15. Nxg6 hxg6 16. Rad1 Nxc3 17. bxc3 Nd5 18. Bd2 Bd6 19. f4 Qh4 20. g3 Qg4 21. c4 Nf6 22. Bc2 Rae8 23. Rde1 Rxe1 24. Rxe1 Re8 25. Rxe8+ Nxe8 26. Qe3 Nf6 27. Kg2 Nh5 28. Qe8+ Kh7 29. Qe4 f5 30. Qf3 Qxf3+ 31. Kxf3 Nf6 32. a4 b6 33. h3 a6 34. g4 fxg4+ 35. hxg4 a5 36. f5 gxf5 37. Bxf5+ Kg8 38. Bf4 Bxf4 39. Kxf4 Kf7 40. g5 Ne8 41. Bd7 Nd6 42. Bxc6 Ke7 43. c5 bxc5 44. dxc5 Nc4 45. Bb5 Nd2 46. c6 Kd6 47. Kf5 Nb3 48. Kg6 Nd4 49. Bd3 Kxc6 50. Kxg7 Kc5 51. Kf6 Kb4 52. Bb5 Nxb5 53. axb5 Kxb5 54. g6 a4 55. g7 a3 56. g8Q Kb4 57. Qa2 1-0

[Event "Muensterland Verbandsliga 1011"]
[Site "Germany"]
[Date "2010.12.18"]
[Round "4.6"]
[White "Wigger, Reiner"]
[Black "Korb, Andreas"]
[Result "0-1"]
[WhiteElo "1842"]
[BlackElo "1987"]
[PlyCount "98"]
[EventDate "2010.09.25"]
[EventType "team-tourn"]
[EventRounds "9"]
[EventCountry "GER"]
[SourceTitle "EXT 2012"]
[Source "ChessBase"]
[SourceDate "2011.11.24"]
[SourceVersion "1"]
[SourceVersionDate "2011.11.24"]
[SourceQuality "1"]
[WhiteTeam "Muenster Indische Dame"]
[BlackTeam "Sendenhorst"]
[WhiteTeamCountry "GER"]
[BlackTeamCountry "GER"]

1. e4 e6 2. d4 d5 3. Bd3 dxe4 4. Bxe4 Nf6 5. Bf3 c5 6. Ne2 Nc6 7. Be3 cxd4 8. Nxd4 Ne5 9. 0-0 Nxf3+ 10. Qxf3 Qd5 11. Nc3 Qxf3 12. Nxf3 a6 13. Na4 Nd5 14. Bd4 b5 15. Nc5 f6 16. Nb3 Bd6 17. c3 Kf7 18. a4 Bd7 19. axb5 axb5 20. Bc5 Bc7 21. Nfd4 g5 22. Nc2 Ra4 23. Rxa4 bxa4 24. Nd2 f5 25. Nb4 Nxb4 26. Bxb4 Bf4 27. Nf3 g4 28. Nd4 e5 29. Nc2 Rb8 30. Rd1 Be6 31. Ne3 Rb7 32. g3 Bg5 33. Kf1 h5 34. Ba3 Rd7 35. Rxd7+ Bxd7 36. c4 f4 37. Nd5 Ke6 38. Ke2 Bc6 39. Nc3 e4 40. Bc5 h4 41. Bd4 e3 42. gxf4 Bxf4 43. Bxe3 Bxh2 44. Bg5 Be5 45. Bxh4 Bxc3 46. Kd3 Bxb2 47. Kc2 Bd4 48. Kd3 a3 49. Kc2 a2 0-1

[Event "Muensterland Verbandsliga 0910"]
[Site "Germany"]
[Date "2009.10.31"]
[Round "2.3"]
[White "Korb, Andreas"]
[Black "Webner, Dennis"]
[Result "1-0"]
[WhiteElo "1992"]
[BlackElo "1912"]
[PlyCount "145"]
[EventDate "2009.09.26"]
[EventType "team-tourn"]
[EventRounds "9"]
[EventCountry "GER"]
[SourceTitle "EXT 2011"]
[Source "ChessBase"]
[SourceDate "2010.11.26"]
[SourceVersion "1"]
[SourceVersionDate "2010.11.26"]
[SourceQuality "1"]
[WhiteTeam "Sendenhorst"]
[BlackTeam "Nienberge"]
[WhiteTeamCountry "GER"]
[BlackTeamCountry "GER"]

1. e4 c6 2. Nc3 d5 3. Qf3 d4 4. Bc4 Nf6 5. e5 dxc3 6. exf6 exf6 7. Qxc3 Bd6 8. d4 0-0 9. Ne2 Qc7 10. Qf3 Re8 11. Bd2 Be6 12. Bd3 Qd7 13. Qh5 g6 14. Qa5 Bd5 15. f3 b5 16. b4 Qe7 17. Kf2 Nd7 18. Nc3 Nb6 19. Nxd5 Nxd5 20. Rae1 Qb7 21. c3 Nb6 22. Qa3 a5 23. Rxe8+ Rxe8 24. g3 axb4 25. cxb4 Nd5 26. Qb3 Qa7 27. a3 Qxd4+ 28. Kg2 h5 29. Rd1 h4 30. Be4 hxg3 31. hxg3 Qe5 32. Be1 Ne7 33. Qd3 Bc7 34. f4 Qh5 35. Bf3 Qf5 36. Qe2 Qc8 37. Qc2 Bb8 38. Bf2 Qf5 39. Qxf5 gxf5 40. Bc5 Bc7 41. Rd7 Bd8 42. Kf2 Kg7 43. Rb7 Kg6 44. Rb8 Rf8 45. Ra8 Kg7 46. Bxc6 Rh8 47. Bxb5 Nd5 48. Kg2 Nc3 49. Bc4 Ne4 50. Bd4 Re8 51. Bb6 Nd6 52. Rxd8 Rxd8 53. Bxd8 Nxc4 54. b5 Kf8 55. b6 Nd6 56. Bxf6 Ke8 57. Bc3 Nb7 58. Kh3 Kd7 59. Kh4 Nc5 60. Be5 Kc6 61. Bc7 Kd7 62. g4 fxg4 63. Kxg4 Ke6 64. Kg5 Ne4+ 65. Kh6 Nc5 66. Kg7 Ke7 67. Be5 Ne6+ 68. Kg8 Nc5 69. Bc3 Ke8 70. Bb4 Nb7 71. a4 f5 72. a5 Kd7 73. a6 1-0

[Event "Muensterland Verbandsliga 0809"]
[Site "Germany"]
[Date "2009.02.28"]
[Round "7.4"]
[White "Schulze Ameling, Hendrik"]
[Black "Korb, Andreas"]
[Result "1-0"]
[WhiteElo "1992"]
[BlackElo "2018"]
[PlyCount "98"]
[EventDate "2008.09.20"]
[EventType "tourn"]
[EventRounds "9"]
[EventCountry "GER"]
[SourceTitle "EXT 2010"]
[Source "ChessBase"]
[SourceDate "2010.11.25"]
[SourceVersion "1"]
[SourceVersionDate "2010.11.25"]
[SourceQuality "1"]
[WhiteTeam "Ahaus Wessum"]
[BlackTeam "Sendenhorst"]
[WhiteTeamCountry "GER"]
[BlackTeamCountry "GER"]

1. d4 d5 2. c4 Nc6 3. e3 Nf6 4. Nc3 Bf5 5. Qb3 e6 6. a3 Rb8 7. Nf3 a6 8. Nh4 Bg6 9. Nxg6 hxg6 10. Be2 Bd6 11. cxd5 Nxd5 12. Bd2 Nf6 13. Bf3 Qd7 14. Rc1 Na5 15. Qa2 Nc6 16. b4 g5 17. g3 e5 18. Qc4 Ne7 19. Ne4 Nxe4 20. Bxe4 Qh3 21. dxe5 Bxe5 22. Qc5 Qe6 23. Bg2 b6 24. Qc4 Qxc4 25. Rxc4 a5 26. Ke2 axb4 27. axb4 Kd7 28. h3 c6 29. Rd1 Kc7 30. f4 gxf4 31. gxf4 Bd6 32. e4 Rh4 33. Be1 Rxf4 34. Bg3 Rf6 35. e5 Re6 36. Rxd6 Ra8 37. Rxe6 Ra2+ 38. Kf3 fxe6 39. Rg4 Nf5 40. Bf2 Ra3+ 41. Ke2 Ra2+ 42. Kf1 Ra1+ 43. Ke2 Ra2+ 44. Kf3 Ra3+ 45. Kf4 Ra2 46. Bg1 Rb2 47. Be4 Rxb4 48. Kg5 Ne7 49. h4 Kd7 1-0

[Event "Muensterland Verbandsklasse-A 0607"]
[Site "Germany"]
[Date "2006.09.23"]
[Round "1.7"]
[White "Junker, Axel"]
[Black "Korb, Andreas"]
[Result "0-1"]
[WhiteElo "1772"]
[BlackElo "1994"]
[PlyCount "46"]
[EventDate "2006.09.23"]
[EventType "team-tourn"]
[EventRounds "9"]
[EventCountry "GER"]
[SourceTitle "EXT 2008"]
[Source "ChessBase"]
[SourceDate "2007.11.25"]
[SourceVersion "1"]
[SourceVersionDate "2007.11.25"]
[SourceQuality "1"]
[WhiteTeam "Sendenhorst"]
[BlackTeam "Telgte"]
[WhiteTeamCountry "GER"]
[BlackTeamCountry "GER"]

1. c4 Nc6 2. Nc3 g6 3. g3 Bg7 4. Bg2 d6 5. Nf3 Bd7 6. d3 Qc8 7. h4 Nf6 8. Bg5 0-0 9. Bxf6 Bxf6 10. h5 Bg4 11. hxg6 fxg6 12. Qd2 Nd4 13. Nd5 Bxf3 14. exf3 Qe6+ 15. Kf1 Qd7 16. Nxf6+ Rxf6 17. Qh6 e5 18. f4 c6 19. fxe5 dxe5 20. Rd1 Raf8 21. Rd2 Qf7 22. Qe3 Nf5 23. Qg5 h6 0-1

[Event "Muensterland Verbandsklasse-B 0405"]
[Site "Muensterland"]
[Date "2005.03.19"]
[Round "8.4"]
[White "Janning, Rainer"]
[Black "Korb, Andreas"]
[Result "1/2-1/2"]
[WhiteElo "1875"]
[BlackElo "2041"]
[PlyCount "60"]
[EventDate "2004.09.11"]
[EventType "team-tourn"]
[EventRounds "9"]
[EventCountry "GER"]
[SourceTitle "EXT 2006"]
[Source "ChessBase"]
[SourceDate "2005.11.24"]
[SourceVersion "1"]
[SourceVersionDate "2005.11.24"]
[SourceQuality "1"]
[WhiteTeam "Steinfurt"]
[BlackTeam "Telgte"]
[WhiteTeamCountry "GER"]
[BlackTeamCountry "GER"]

1. f4 b5 2. e3 Bb7 3. Nf3 b4 4. b3 e6 5. Bb2 d5 6. Be2 Nf6 7. 0-0 c5 8. Ne5 Nfd7 9. a4 f6 10. Nxd7 Nxd7 11. Bb5 Qb6 12. Qh5+ Ke7 13. Bxd7 Kxd7 14. d3 Be7 15. Nd2 Raf8 16. Rae1 g6 17. Qe2 Rhg8 18. Kh1 Qc6 19. e4 d4 20. Bc1 f5 21. Nc4 Qc7 22. exf5 gxf5 23. Qxe6+ Kd8 24. Re2 Rg6 25. Qe5 Bd6 26. Nxd6 Rxd6 27. Rfe1 Rg6 28. Qxc7+ Kxc7 29. Kg1 Kd6 30. g3 Rf7 1/2-1/2

[Event "Muensterland Verbandsklasse-B 0405"]
[Site "Muensterland"]
[Date "2005.02.12"]
[Round "6.5"]
[White "Rogowski, Friedrich"]
[Black "Korb, Andreas"]
[Result "0-1"]
[WhiteElo "1710"]
[BlackElo "2041"]
[PlyCount "54"]
[EventDate "2004.09.11"]
[EventType "team-tourn"]
[EventRounds "9"]
[EventCountry "GER"]
[SourceTitle "EXT 2006"]
[Source "ChessBase"]
[SourceDate "2005.11.24"]
[SourceVersion "1"]
[SourceVersionDate "2005.11.24"]
[SourceQuality "1"]
[WhiteTeam "Saerbeck II"]
[BlackTeam "Telgte"]
[WhiteTeamCountry "GER"]
[BlackTeamCountry "GER"]

1. e4 Nc6 2. Nf3 Nf6 3. e5 Ng4 4. d4 d6 5. h3 Nh6 6. exd6 Qxd6 7. Bd3 Nf5 8. c3 g6 9. 0-0 Bg7 10. Nbd2 0-0 11. Nc4 Qd5 12. Bf4 Nd6 13. Ne3 Qa5 14. d5 Nd8 15. a4 c6 16. b4 Qb6 17. Rc1 c5 18. a5 Qc7 19. Qe2 f6 20. Rfe1 e5 21. dxe6 Nxe6 22. Bg3 f5 23. Nd5 Qd8 24. Be5 Bxe5 25. Qxe5 Nf7 26. Nf6+ Kh8 27. Qd5 Qxf6 0-1

[Event "Muensterland Verbandsklasse-B 0405"]
[Site "Muensterland"]
[Date "2005.01.22"]
[Round "5.5"]
[White "Korb, Andreas"]
[Black "Boelker, Franz"]
[Result "0-1"]
[WhiteElo "2041"]
[BlackElo "1895"]
[PlyCount "62"]
[EventDate "2004.09.11"]
[EventType "team-tourn"]
[EventRounds "9"]
[EventCountry "GER"]
[SourceTitle "EXT 2006"]
[Source "ChessBase"]
[SourceDate "2005.11.24"]
[SourceVersion "1"]
[SourceVersionDate "2005.11.24"]
[SourceQuality "1"]
[WhiteTeam "Telgte"]
[BlackTeam "Raesfeld Erle"]
[WhiteTeamCountry "GER"]
[BlackTeamCountry "GER"]

1. Nc3 c5 2. f4 d5 3. e4 dxe4 4. Nxe4 e6 5. g3 Be7 6. b3 Nf6 7. Nf2 Bd7 8. Bg2 Bc6 9. Nf3 Nbd7 10. Bb2 Qc7 11. Qe2 0-0 12. 0-0-0 Rfe8 13. Nd3 b5 14. Nfe5 Bxg2 15. Qxg2 c4 16. Ne1 cxb3 17. axb3 Rec8 18. d4 Nd5 19. Rd3 a5 20. Nxd7 Qxd7 21. Kd1 a4 22. Rf1 axb3 23. Rxb3 Ra2 24. Qd2 Rxb2 25. Rxb2 Nc3+ 26. Kc1 Ba3 27. Rf3 b4 28. Nd3 Qa4 29. Qg2 Bxb2+ 30. Kd2 Nb1+ 31. Kd1 Bxd4 0-1